Wok : (Record no. 300687)
[ view plain ]
| 000 -LEADER | |
|---|---|
| fixed length control field | 00748nam a2200265Ia 4500 |
| 008 - FIXED-LENGTH DATA ELEMENTS--GENERAL INFORMATION | |
| fixed length control field | 160819s9999 xx 000 0 und d |
| 020 ## - INTERNATIONAL STANDARD BOOK NUMBER | |
| International Standard Book Number | 1-84172-831-4 |
| 050 ## - LIBRARY OF CONGRESS CALL NUMBER | |
| Classification number | CUL TX 840 |
| 050 ## - LIBRARY OF CONGRESS CALL NUMBER | |
| Item number | .W65S34 1998 |
| 100 ## - MAIN ENTRY--PERSONAL NAME | |
| Personal name | Schepelern, Elsa Petersen - |
| 245 ## - TITLE STATEMENT | |
| Title | Wok : |
| 245 ## - TITLE STATEMENT | |
| Remainder of title | dishes from China, Japan and South-east Asia / |
| 245 ## - TITLE STATEMENT | |
| Statement of responsibility, etc | Elsa Peterson-Shepelern; photography by Jeremy Hopley. |
| 260 ## - PUBLICATION, DISTRIBUTION, ETC. (IMPRINT) | |
| Place of publication, distribution, etc | Great Britain : |
| 260 ## - PUBLICATION, DISTRIBUTION, ETC. (IMPRINT) | |
| Name of publisher, distributor, etc | Ryland Peters & Small, |
| 260 ## - PUBLICATION, DISTRIBUTION, ETC. (IMPRINT) | |
| Date of publication, distribution, etc | 2005 |
| 300 ## - PHYSICAL DESCRIPTION | |
| Extent | 64 pages : |
| 300 ## - PHYSICAL DESCRIPTION | |
| Other physical details | color illustrations ; |
| 300 ## - PHYSICAL DESCRIPTION | |
| Dimensions | 20 cm. |
| 500 ## - GENERAL NOTE | |
| General note | Includes index. |
| 650 ## - SUBJECT ADDED ENTRY--TOPICAL TERM | |
| Topical term or geographic name as entry element | Cooking, Japanese. |
| 650 ## - SUBJECT ADDED ENTRY--TOPICAL TERM | |
| Topical term or geographic name as entry element | Wok cooking. |
| 650 ## - SUBJECT ADDED ENTRY--TOPICAL TERM | |
| General subdivision | Cooking, Chinese. |
| 650 ## - SUBJECT ADDED ENTRY--TOPICAL TERM | |
| General subdivision | Cooking, Southeast Asian. |
| Withdrawn status | Lost status | Damaged status | Home library | Current library | Shelving location | Date acquired | Cost, normal purchase price | Total Checkouts | Full call number | Barcode | Date last seen | Price effective from | Koha item type |
|---|---|---|---|---|---|---|---|---|---|---|---|---|---|
| South Mansfield College | South Mansfield College | 01/09/2008 | 531.00 | CUL TX 840 .W65S34 1998 | SMC03836 | 08/19/2016 | 08/19/2016 |